000 00346nam a2200145Ia 4500
008 230917s9999||||xx |||||||||||||| ||und||
040 _e105120
_aMAIN
041 _aEnglish
082 _a512.24 S43I
100 _aSpiegel, Eugene
245 0 _aIncidence algebras
260 _aNew York
_bMarcel Dekker
_c1997
300 _a335 p.
942 _cBK
999 _c120317
_d120317